Normal view
MARC view
Entry Personal Name
001 - CONTROL NUMBER
- control field: 87397
003 - CONTROL NUMBER IDENTIFIER
- control field: dpl
005 - DATE AND TIME OF LATEST TRANSACTION
- control field: 20260213155951.0
008 - FIXED-LENGTH DATA ELEMENTS
- fixed length control field: 260213|| aca||aabn | a|a d
040 ## - CATALOGING SOURCE
- Original cataloging agency: dpl
- Transcribing agency: dpl
100 ## - HEADING--PERSONAL NAME
- Personal name: आर. सुरेन्द्रन
670 ## - SOURCE DATA FOUND
- Source citation: Work cat.: (dpl)214884: आर. सुरेन्द्रन , भारतीय साहित्य :, 2024
